Apartmány Technik

Gespeichert in:
Bibliographische Detailangaben
1. Verfasser: Adamcová, Ivana (Verfasst von)
Weitere Verfasser: Kosnáč, Pavel, 1954- (Betreuung Doktorarbeit)
Format: Manuskript Buch
Sprache:Slowakisch
Veröffentlicht: Bratislava 2015
Schlagworte:
Online-Zugang:http://is.stuba.sk/zp/portal_zp.pl?podrobnosti=93809
Tags: Tag hinzufügen
Keine Tags, Fügen Sie das erste Tag hinzu!

MARC

LEADER 00000ntm a22000003a 4500
001 stuzp52562
003 SK-STU
005 20210226064350.6
007 ta
008 150427s2015----xo-----f-mn---000-0-slo-d
040 |a STU  |b slo 
041 0 |a slo 
100 1 |a Adamcová, Ivana  |u 051110  |4 aut  |U FAD Fakulta architektúry  |T FA Ústav architektúry obytných budov  |X 61956  |U A1110  |Y 392  |7 61956 
242 0 1 |a APARTMÁNY TECHNIK  |y eng 
245 1 0 |a Apartmány Technik 
260 |c 2015  |a Bratislava 
650 4 |a apartmány  |2 slo 
650 4 |a bytový dom  |2 slo 
650 4 |a prezentácia  |2 slo 
650 4 |a apartmans  |2 eng 
650 4 |a residential house  |2 eng 
650 4 |a presentation  |2 eng 
700 1 |a Kosnáč, Pavel,  |d 1954-  |4 ths  |X 4204  |7 A000004204 
856 4 |u http://is.stuba.sk/zp/portal_zp.pl?podrobnosti=93809  |u https://opac.crzp.sk/?fn=detailBiblioForm&sid=367CD704F5D5570C74E3F6DE3652 
SQL |a stuzp52562  |b DBP  |c SLO  |d Apartmány Technik  |e 61956  |f Adamcová, Ivana  |g 051110  |h 4204  |i Kosnáč, Pavel  |j 20150611  |k 149  |l 05  |m http://is.stuba.sk/zp/portal_zp.pl?podrobnosti=93809  |n B-AU  |o 5.1.1. architektúra a urbanizmus